000 00951nam a22002897a 4500
999 _c310617
_d310617
001 24347
003 UA-OsUOA
005 20200109110342.0
007 ta
008 20040216b un ||||| |||| 00| 0 ukr d
020 _a9667856011
040 _aUA-OsUOA
_bukr
_cUA-OsUOA
_dUA-OsUOA
041 _aukr
044 _aUA
080 _a321.7(4)
090 _a321.7(4)
_bД21
100 _aДаудерштадт М.
245 _aДраматичний перехід: соціал-демократія у Східній та Центральній Європі
260 _aК.
_bОсновні цінності
_c2000
300 _a232 с.
650 7 _a321 Форми політичних організацій. Держави як політичні влади
_2UDC
700 _aГеррітс А.
700 _aМаркус Д.Д.
942 _cBK
_2udc
955 _a1